| 000 | 00669nam a2200205 a 4500 | ||
|---|---|---|---|
| 005 | 20210223132848.0 | ||
| 008 | 160308s1998 mx r 000 0 spa d | ||
| 020 | _a8479034750 | ||
| 035 | _aUPN01000208808 | ||
| 049 | _aCG | ||
| 050 | 4 |
_aHV5110 E5 _bA4.2 |
|
| 245 | 0 | 3 |
_aEl alcohol y su abuso : _bimpacto socioeconómico / _cEduard Portella ... [et al.]. |
| 260 |
_aMadrid : _bMédica Panamericana, _c1998. |
||
| 300 |
_a136 p. : _bgráfs., tablas |
||
| 650 | 4 |
_aALCOHOLISMO - _xASPECTOS ECONOMICOS - _zESPAÑA _924822 |
|
| 650 | 4 |
_aALCOHOLISMO - _xASPECTOS SOCIALES - _zESPAÑA _924823 |
|
| 700 | 1 |
_aPortella, Eduard, _ecoaut. |
|
| 905 | _aLibro | ||
| 999 |
_c180909 _d180909 |
||